书目信息 |
| 题名: |
大纵深战役理论
|
|
| 作者: | 图哈切夫斯基 著 ;赖铭传 译 | |
| 分册: | ||
| 出版信息: | 北京 解放军出版社 2007.01 |
|
| 页数: | 477页, [1] 叶图版 | |
| 开本: | 21cm | |
| 丛书名: | 外国著名军事著作丛书 | |
| 单 册: | ||
| 中图分类: | E82 | |
| 科图分类: | ||
| 主题词: | 战役学--zhan yi xue--文集 | |
| 电子资源: | ||
| ISBN: | 7-5065-5320-1 | |
| 000 | 01201nam 2200289 450 | |
| 001 | 012008471985 | |
| 005 | 20080513115250.04 | |
| 010 | @a7-5065-5320-1@dCNY35.00 | |
| 100 | @a20080512d2007 em y0chiy0120 ea | |
| 101 | 1 | @achi@crus |
| 102 | @aCN@b110000 | |
| 105 | @acf z 000yy | |
| 106 | @ar | |
| 200 | 1 | @a大纵深战役理论@Ada zong shen zhan yi li lun@f(苏) M. H. 图哈切夫斯基等著@F(su)M.H.tu ha qie fu si ji deng zhu@g赖铭传译@Glai ming chuan yi |
| 210 | @a北京@c解放军出版社@d2007.01 | |
| 215 | @a477页, [1] 叶图版@c肖像@d21cm | |
| 225 | 2 | @a外国著名军事著作丛书@Awai guo zhu ming jun shi zhu zuo cong shu |
| 312 | @a英文并列题名取自封面 | |
| 330 | @a本书所讲的大纵深战役理论是苏联在上世纪二十至三十年代创立的一种军事理论,这种理论在第二次世界大战的苏德战场经受了检验,为苏联赢得最后胜利发挥了重要作用。 | |
| 410 | 0 | @12001 @a外国著名军事著作丛书 |
| 500 | 10 | @aGrand depth operational theory@mChinese |
| 606 | 0 | @a战役学@Azhan yi xue@j文集 |
| 690 | @aE82@v4 | |
| 701 | 1 | @a图哈切夫斯基@Atu ha qie fu si ji@g(Тухачевский, МихаилНиколаевич)@4著 |
| 702 | 0 | @a赖铭传@Alai ming chuan@4译 |
| 801 | 0 | @aCN@bQSSK@c20080513 |
| 905 | @b710480-82@dE82@eT887@f3 | |
| 大纵深战役理论/(苏) M. H. 图哈切夫斯基等著/赖铭传译.-北京:解放军出版社,2007.01 |
| 477页, [1] 叶图版:肖像;21cm.-(外国著名军事著作丛书) |
| ISBN 7-5065-5320-1:CNY35.00 |
| 本书所讲的大纵深战役理论是苏联在上世纪二十至三十年代创立的一种军事理论,这种理论在第二次世界大战的苏德战场经受了检验,为苏联赢得最后胜利发挥了重要作用。 |
| ● |
| 相关链接 |
|
|
|
正题名:大纵深战役理论
索取号:E82/T887
 
预约/预借
| 序号 | 登录号 | 条形码 | 馆藏地/架位号 | 状态 | 备注 |
| 1 | 710480 | 207104809 | 社科库509/509社科库 122排1列2层/ [索取号:E82/T887] | 在馆 | |
| 2 | 710481 | 207104818 | 社科库509/509社科库 122排1列2层/ [索取号:E82/T887] | 在馆 | |
| 3 | 710482 | 207104827 | 社科库509/509社科库 122排1列2层/ [索取号:E82/T887] | 在馆 |